Save and grow : (Record no. 84956)

MARC details
000 -LEADER
fixed length control field 00563nam a22001697a 4500
005 - DATE AND TIME OF LATEST TRANSACTION
control field 20140623115510.0
010 ## - LCCN (DPL NO)
LC control number ENG-110170
020 ## - INTERNATIONAL STANDARD BOOK NUMBER
International Standard Book Number 9789382059042
Terms of availability 350.00
035 ## - SYSTEM CONTROL NUMBER
System control number EN-93702
037 ## - SOURCE OF ACQUISITION
Source of stock number/acquisition DBAD/PUB
082 ## - DEWEY DECIMAL CLASSIFICATION NUMBER
Classification number 338.16
245 ## - TITLE STATEMENT
Title Save and grow :
Remainder of title a policymaker's guide to the sustainable intensification of smallholder crop production
260 ## - PUBLICATION, DISTRIBUTION, ETC. (IMPRINT)
Place of publication, distribution, etc New Delhi
Name of publisher, distributor, etc Synergy Books India
Date of publication, distribution, etc 2013
270 ## - ADDRESS
Address 24/4800 Ansari Road, Darya Ganj
City New Delhi
Postal code 110002
300 ## - PHYSICAL DESCRIPTION
Extent x,102p. :
Dimensions 24cm(Hb)
Other physical details ill
942 ## - ADDED ENTRY ELEMENTS (KOHA)
Source of classification or shelving scheme Dewey Decimal Classification
Item type English Books
Call number suffix SAV
Classification part 338.16
Holdings
Withdrawn status Lost status Not for loan Collection code Home library Current library Date acquired Source of acquisition Cost, normal purchase price Full call number Barcode Copy number Cost, replacement price Koha item type
    Not For Loan Non-fiction D.B.Act.Division D.B.Act.Division 09/06/2014 ENG-110170 350.00 338.16 SAV EN-93702 1 350.00 English Books

© Delhi Public Library
Hit Counter
free hit counter